000 00385nam a2200145Ia 4500
008 210210b1968 xxu||||| |||| 00| 0 eng d
082 _a820.308 SOMO
100 _aSOMADEVA.
245 _aOcean of story.10V.V6.
260 _aN D
_bMotilal Banarsidass
_c1968
300 _axxii,332
650 _aSomadeva Katha Sarit Sagara
690 _aIndian English Literature
906 _aSG01847
999 _c113092
_d113092